<?xml version="1.0" encoding="UTF-8"?>
<record
    xmlns:xsi="http://www.w3.org/2001/XMLSchema-instance"
    xsi:schemaLocation="http://www.loc.gov/MARC21/slim http://www.loc.gov/standards/marcxml/schema/MARC21slim.xsd"
    xmlns="http://www.loc.gov/MARC21/slim">

  <leader>01065nas a2200229 454500</leader>
  <controlfield tag="001">26529</controlfield>
  <controlfield tag="005">20260407193507.0</controlfield>
  <controlfield tag="008">260407s1969####ag###########|||spa#d</controlfield>
  <controlfield tag="003">AR-UNSa-BCEJYS</controlfield>
  <datafield tag="040" ind1=" " ind2=" ">
    <subfield code="a">AR-UNSa-BCEJYS</subfield>
    <subfield code="b">spa</subfield>
    <subfield code="c">AR-UNSa-BCEJYS</subfield>
  </datafield>
  <datafield tag="080" ind1=" " ind2=" ">
    <subfield code="a">311.3</subfield>
    <subfield code="x">Organizaci&#xF3;n general de las estadisticas. Estad&#xED;stica oficial</subfield>
  </datafield>
  <datafield tag="245" ind1="1" ind2="0">
    <subfield code="a">Intercambio comercial argentino seg&#xFA;n N.A.B.</subfield>
    <subfield code="p">Estad&#xED;stica mensual</subfield>
  </datafield>
  <datafield tag="264" ind1=" " ind2="1">
    <subfield code="a">Buenos Aires :</subfield>
    <subfield code="b">INDEC</subfield>
    <subfield code="c">1969</subfield>
  </datafield>
  <datafield tag="310" ind1=" " ind2=" ">
    <subfield code="a">Cambia de t&#xED;tulo a partir de Enero de 1971 por Intercambio comercial argentino
Cambia de t&#xED;tulo a partir de Enero de 1973 por Intercambio comercial
Frecuencia: Mensual</subfield>
  </datafield>
  <datafield tag="942" ind1=" " ind2=" ">
    <subfield code="c">SER</subfield>
  </datafield>
  <datafield tag="590" ind1=" " ind2=" ">
    <subfield code="a">niveau_biblio:s niveau_hierar:1</subfield>
  </datafield>
  <datafield tag="100" ind1="1" ind2=" ">
    <subfield code="a">Instituto Nacional de Estad&#xED;stica y Censos (INDEC)</subfield>
  </datafield>
  <datafield tag="650" ind1=" " ind2=" ">
    <subfield code="a">Exportaci&#xF3;n/importaci&#xF3;n</subfield>
  </datafield>
  <datafield tag="650" ind1=" " ind2=" ">
    <subfield code="a">Datos estad&#xED;sticos</subfield>
  </datafield>
  <datafield tag="650" ind1=" " ind2=" ">
    <subfield code="a">COMERCIO EXTERIOR</subfield>
  </datafield>
  <datafield tag="856" ind1="4" ind2="1">
    <subfield code="u">https://biblioeco.unsa.edu.ar/pmb/images/revistas/Intercambio comercial  Argentina. Instituto Nacional de Estad?stica y Censos (INDEC).jpg</subfield>
    <subfield code="y">Imagen de portada</subfield>
    <subfield code="q">image/jpeg</subfield>
  </datafield>
  <datafield tag="999" ind1=" " ind2=" ">
    <subfield code="c">8610</subfield>
    <subfield code="d">8610</subfield>
  </datafield>
  <datafield tag="952" ind1=" " ind2=" ">
    <subfield code="0">0</subfield>
    <subfield code="1">0</subfield>
    <subfield code="4">0</subfield>
    <subfield code="7">0</subfield>
    <subfield code="a">BCEJYS</subfield>
    <subfield code="b">BCEJYS</subfield>
    <subfield code="c">17</subfield>
    <subfield code="d">1981-06-01</subfield>
    <subfield code="h">N&#xBA; 102 - jun. 1981</subfield>
    <subfield code="l">0</subfield>
    <subfield code="o">H311.3 INT 102</subfield>
    <subfield code="p">R12907</subfield>
    <subfield code="r">2026-04-10 16:08:31</subfield>
    <subfield code="w">2026-04-10</subfield>
    <subfield code="y">RN</subfield>
  </datafield>
  <datafield tag="952" ind1=" " ind2=" ">
    <subfield code="0">0</subfield>
    <subfield code="1">0</subfield>
    <subfield code="4">0</subfield>
    <subfield code="7">0</subfield>
    <subfield code="a">BCEJYS</subfield>
    <subfield code="b">BCEJYS</subfield>
    <subfield code="c">17</subfield>
    <subfield code="d">1981-05-01</subfield>
    <subfield code="h">N&#xBA; 101 - mayo 101</subfield>
    <subfield code="l">0</subfield>
    <subfield code="o">H311.3 INT 101</subfield>
    <subfield code="p">R12906</subfield>
    <subfield code="r">2026-04-10 16:08:31</subfield>
    <subfield code="w">2026-04-10</subfield>
    <subfield code="y">RN</subfield>
  </datafield>
  <datafield tag="952" ind1=" " ind2=" ">
    <subfield code="0">0</subfield>
    <subfield code="1">0</subfield>
    <subfield code="4">0</subfield>
    <subfield code="7">0</subfield>
    <subfield code="a">BCEJYS</subfield>
    <subfield code="b">BCEJYS</subfield>
    <subfield code="c">17</subfield>
    <subfield code="d">1980-09-01</subfield>
    <subfield code="h">N&#xBA; 93 - sep. 1980</subfield>
    <subfield code="l">0</subfield>
    <subfield code="o">H311.3 INT 93</subfield>
    <subfield code="p">R12905</subfield>
    <subfield code="r">2026-04-10 16:08:31</subfield>
    <subfield code="w">2026-04-10</subfield>
    <subfield code="y">RN</subfield>
  </datafield>
  <datafield tag="952" ind1=" " ind2=" ">
    <subfield code="0">0</subfield>
    <subfield code="1">0</subfield>
    <subfield code="4">0</subfield>
    <subfield code="7">0</subfield>
    <subfield code="a">BCEJYS</subfield>
    <subfield code="b">BCEJYS</subfield>
    <subfield code="c">17</subfield>
    <subfield code="d">1980-08-01</subfield>
    <subfield code="h">N&#xBA; 92 - ago. 1980</subfield>
    <subfield code="l">0</subfield>
    <subfield code="o">H311.3 INT 92</subfield>
    <subfield code="p">R12904</subfield>
    <subfield code="r">2026-04-10 16:08:31</subfield>
    <subfield code="w">2026-04-10</subfield>
    <subfield code="y">RN</subfield>
  </datafield>
  <datafield tag="952" ind1=" " ind2=" ">
    <subfield code="0">0</subfield>
    <subfield code="1">0</subfield>
    <subfield code="4">0</subfield>
    <subfield code="7">0</subfield>
    <subfield code="a">BCEJYS</subfield>
    <subfield code="b">BCEJYS</subfield>
    <subfield code="c">17</subfield>
    <subfield code="d">1979-08-01</subfield>
    <subfield code="h">N&#xBA; 80 - ago. 1979</subfield>
    <subfield code="l">0</subfield>
    <subfield code="o">H311.3 INT 80</subfield>
    <subfield code="p">R12903</subfield>
    <subfield code="r">2026-04-10 16:08:31</subfield>
    <subfield code="w">2026-04-10</subfield>
    <subfield code="y">RN</subfield>
  </datafield>
  <datafield tag="952" ind1=" " ind2=" ">
    <subfield code="0">0</subfield>
    <subfield code="1">0</subfield>
    <subfield code="4">0</subfield>
    <subfield code="7">0</subfield>
    <subfield code="a">BCEJYS</subfield>
    <subfield code="b">BCEJYS</subfield>
    <subfield code="c">17</subfield>
    <subfield code="d">1979-07-01</subfield>
    <subfield code="h">N&#xBA; 79 - jul. 1979</subfield>
    <subfield code="l">0</subfield>
    <subfield code="o">H311.3 INT 79</subfield>
    <subfield code="p">R12902</subfield>
    <subfield code="r">2026-04-10 16:08:31</subfield>
    <subfield code="w">2026-04-10</subfield>
    <subfield code="y">RN</subfield>
  </datafield>
  <datafield tag="952" ind1=" " ind2=" ">
    <subfield code="0">0</subfield>
    <subfield code="1">0</subfield>
    <subfield code="4">0</subfield>
    <subfield code="7">0</subfield>
    <subfield code="a">BCEJYS</subfield>
    <subfield code="b">BCEJYS</subfield>
    <subfield code="c">17</subfield>
    <subfield code="d">1978-12-01</subfield>
    <subfield code="h">N&#xBA; 72 - dic. 1978</subfield>
    <subfield code="l">0</subfield>
    <subfield code="o">H311.3 INT 72</subfield>
    <subfield code="p">R12901</subfield>
    <subfield code="r">2026-04-10 16:08:31</subfield>
    <subfield code="w">2026-04-10</subfield>
    <subfield code="y">RN</subfield>
  </datafield>
  <datafield tag="952" ind1=" " ind2=" ">
    <subfield code="0">0</subfield>
    <subfield code="1">0</subfield>
    <subfield code="4">0</subfield>
    <subfield code="7">0</subfield>
    <subfield code="a">BCEJYS</subfield>
    <subfield code="b">BCEJYS</subfield>
    <subfield code="c">17</subfield>
    <subfield code="d">1978-08-01</subfield>
    <subfield code="h">N&#xBA; 68 - ago. 1978</subfield>
    <subfield code="l">0</subfield>
    <subfield code="o">H311.3 INT 68</subfield>
    <subfield code="p">R12900</subfield>
    <subfield code="r">2026-04-10 16:08:31</subfield>
    <subfield code="w">2026-04-10</subfield>
    <subfield code="y">RN</subfield>
  </datafield>
  <datafield tag="952" ind1=" " ind2=" ">
    <subfield code="0">0</subfield>
    <subfield code="1">0</subfield>
    <subfield code="4">0</subfield>
    <subfield code="7">0</subfield>
    <subfield code="a">BCEJYS</subfield>
    <subfield code="b">BCEJYS</subfield>
    <subfield code="c">17</subfield>
    <subfield code="d">1978-06-01</subfield>
    <subfield code="h">N&#xBA; 66 - jun. 1978</subfield>
    <subfield code="l">0</subfield>
    <subfield code="o">H311.3 INT 66</subfield>
    <subfield code="p">R12899</subfield>
    <subfield code="r">2026-04-10 16:08:31</subfield>
    <subfield code="w">2026-04-10</subfield>
    <subfield code="y">RN</subfield>
  </datafield>
  <datafield tag="952" ind1=" " ind2=" ">
    <subfield code="0">0</subfield>
    <subfield code="1">0</subfield>
    <subfield code="4">0</subfield>
    <subfield code="7">0</subfield>
    <subfield code="a">BCEJYS</subfield>
    <subfield code="b">BCEJYS</subfield>
    <subfield code="c">17</subfield>
    <subfield code="d">1978-02-01</subfield>
    <subfield code="h">N&#xBA; 62 - feb. 1978</subfield>
    <subfield code="l">0</subfield>
    <subfield code="o">H311.3 INT 62</subfield>
    <subfield code="p">R12898</subfield>
    <subfield code="r">2026-04-10 16:08:31</subfield>
    <subfield code="w">2026-04-10</subfield>
    <subfield code="y">RN</subfield>
  </datafield>
  <datafield tag="952" ind1=" " ind2=" ">
    <subfield code="0">0</subfield>
    <subfield code="1">0</subfield>
    <subfield code="4">0</subfield>
    <subfield code="7">0</subfield>
    <subfield code="a">BCEJYS</subfield>
    <subfield code="b">BCEJYS</subfield>
    <subfield code="c">17</subfield>
    <subfield code="d">1977-10-01</subfield>
    <subfield code="h">N&#xBA; 58 - oct. 1977</subfield>
    <subfield code="l">0</subfield>
    <subfield code="o">H311.3 INT 58</subfield>
    <subfield code="p">R12897</subfield>
    <subfield code="r">2026-04-10 16:08:31</subfield>
    <subfield code="w">2026-04-10</subfield>
    <subfield code="y">RN</subfield>
  </datafield>
  <datafield tag="952" ind1=" " ind2=" ">
    <subfield code="0">0</subfield>
    <subfield code="1">0</subfield>
    <subfield code="4">0</subfield>
    <subfield code="7">0</subfield>
    <subfield code="a">BCEJYS</subfield>
    <subfield code="b">BCEJYS</subfield>
    <subfield code="c">17</subfield>
    <subfield code="d">1977-09-01</subfield>
    <subfield code="h">N&#xBA; 57 - sep. 1977</subfield>
    <subfield code="l">0</subfield>
    <subfield code="o">H311.3 INT 57</subfield>
    <subfield code="p">R12896</subfield>
    <subfield code="r">2026-04-10 16:08:31</subfield>
    <subfield code="w">2026-04-10</subfield>
    <subfield code="y">RN</subfield>
  </datafield>
  <datafield tag="952" ind1=" " ind2=" ">
    <subfield code="0">0</subfield>
    <subfield code="1">0</subfield>
    <subfield code="4">0</subfield>
    <subfield code="7">0</subfield>
    <subfield code="a">BCEJYS</subfield>
    <subfield code="b">BCEJYS</subfield>
    <subfield code="c">17</subfield>
    <subfield code="d">1977-08-01</subfield>
    <subfield code="h">N&#xBA; 56 - ago. 1977</subfield>
    <subfield code="l">0</subfield>
    <subfield code="o">H311.3 INT 56</subfield>
    <subfield code="p">R12895</subfield>
    <subfield code="r">2026-04-10 16:08:31</subfield>
    <subfield code="w">2026-04-10</subfield>
    <subfield code="y">RN</subfield>
  </datafield>
  <datafield tag="952" ind1=" " ind2=" ">
    <subfield code="0">0</subfield>
    <subfield code="1">0</subfield>
    <subfield code="4">0</subfield>
    <subfield code="7">0</subfield>
    <subfield code="a">BCEJYS</subfield>
    <subfield code="b">BCEJYS</subfield>
    <subfield code="c">17</subfield>
    <subfield code="d">1977-06-01</subfield>
    <subfield code="h">N&#xBA; 54 - jun. 1977</subfield>
    <subfield code="l">0</subfield>
    <subfield code="o">H311.3 INT 54</subfield>
    <subfield code="p">R12894</subfield>
    <subfield code="r">2026-04-10 16:08:31</subfield>
    <subfield code="w">2026-04-10</subfield>
    <subfield code="y">RN</subfield>
  </datafield>
  <datafield tag="952" ind1=" " ind2=" ">
    <subfield code="0">0</subfield>
    <subfield code="1">0</subfield>
    <subfield code="4">0</subfield>
    <subfield code="7">0</subfield>
    <subfield code="a">BCEJYS</subfield>
    <subfield code="b">BCEJYS</subfield>
    <subfield code="c">17</subfield>
    <subfield code="d">1977-05-01</subfield>
    <subfield code="h">N&#xBA; 53 - mayo 1977</subfield>
    <subfield code="l">0</subfield>
    <subfield code="o">H311.3 INT 53</subfield>
    <subfield code="p">R12893</subfield>
    <subfield code="r">2026-04-10 16:08:31</subfield>
    <subfield code="w">2026-04-10</subfield>
    <subfield code="y">RN</subfield>
  </datafield>
  <datafield tag="952" ind1=" " ind2=" ">
    <subfield code="0">0</subfield>
    <subfield code="1">0</subfield>
    <subfield code="4">0</subfield>
    <subfield code="7">0</subfield>
    <subfield code="a">BCEJYS</subfield>
    <subfield code="b">BCEJYS</subfield>
    <subfield code="c">17</subfield>
    <subfield code="d">1977-03-01</subfield>
    <subfield code="h">N&#xBA; 51 - mar. 1977</subfield>
    <subfield code="l">0</subfield>
    <subfield code="o">H311.3 INT 51</subfield>
    <subfield code="p">R12892</subfield>
    <subfield code="r">2026-04-10 16:08:31</subfield>
    <subfield code="w">2026-04-10</subfield>
    <subfield code="y">RN</subfield>
  </datafield>
  <datafield tag="952" ind1=" " ind2=" ">
    <subfield code="0">0</subfield>
    <subfield code="1">0</subfield>
    <subfield code="4">0</subfield>
    <subfield code="7">0</subfield>
    <subfield code="a">BCEJYS</subfield>
    <subfield code="b">BCEJYS</subfield>
    <subfield code="c">17</subfield>
    <subfield code="d">1977-02-01</subfield>
    <subfield code="h">N&#xBA; 50 - feb. 1977</subfield>
    <subfield code="l">0</subfield>
    <subfield code="o">H311.3 INT 50</subfield>
    <subfield code="p">R12891</subfield>
    <subfield code="r">2026-04-10 16:08:31</subfield>
    <subfield code="w">2026-04-10</subfield>
    <subfield code="y">RN</subfield>
  </datafield>
  <datafield tag="952" ind1=" " ind2=" ">
    <subfield code="0">0</subfield>
    <subfield code="1">0</subfield>
    <subfield code="4">0</subfield>
    <subfield code="7">0</subfield>
    <subfield code="a">BCEJYS</subfield>
    <subfield code="b">BCEJYS</subfield>
    <subfield code="c">17</subfield>
    <subfield code="d">1977-01-01</subfield>
    <subfield code="h">N&#xBA; 49 - ene. 1977</subfield>
    <subfield code="l">0</subfield>
    <subfield code="o">H311.3 INT 49</subfield>
    <subfield code="p">R12890</subfield>
    <subfield code="r">2026-04-10 16:08:31</subfield>
    <subfield code="w">2026-04-10</subfield>
    <subfield code="y">RN</subfield>
  </datafield>
  <datafield tag="952" ind1=" " ind2=" ">
    <subfield code="0">0</subfield>
    <subfield code="1">0</subfield>
    <subfield code="4">0</subfield>
    <subfield code="7">0</subfield>
    <subfield code="a">BCEJYS</subfield>
    <subfield code="b">BCEJYS</subfield>
    <subfield code="c">17</subfield>
    <subfield code="d">1976-12-01</subfield>
    <subfield code="h">N&#xBA; 48 - dic. 1976</subfield>
    <subfield code="l">0</subfield>
    <subfield code="o">H311.3 INT 48</subfield>
    <subfield code="p">R12889</subfield>
    <subfield code="r">2026-04-10 16:08:31</subfield>
    <subfield code="w">2026-04-10</subfield>
    <subfield code="y">RN</subfield>
  </datafield>
  <datafield tag="952" ind1=" " ind2=" ">
    <subfield code="0">0</subfield>
    <subfield code="1">0</subfield>
    <subfield code="4">0</subfield>
    <subfield code="7">0</subfield>
    <subfield code="a">BCEJYS</subfield>
    <subfield code="b">BCEJYS</subfield>
    <subfield code="c">17</subfield>
    <subfield code="d">1976-11-01</subfield>
    <subfield code="h">N&#xBA; 47 - nov. 1976</subfield>
    <subfield code="l">0</subfield>
    <subfield code="o">H311.3 INT 47</subfield>
    <subfield code="p">R12888</subfield>
    <subfield code="r">2026-04-10 16:08:31</subfield>
    <subfield code="w">2026-04-10</subfield>
    <subfield code="y">RN</subfield>
  </datafield>
  <datafield tag="952" ind1=" " ind2=" ">
    <subfield code="0">0</subfield>
    <subfield code="1">0</subfield>
    <subfield code="4">0</subfield>
    <subfield code="7">0</subfield>
    <subfield code="a">BCEJYS</subfield>
    <subfield code="b">BCEJYS</subfield>
    <subfield code="c">17</subfield>
    <subfield code="d">1976-10-01</subfield>
    <subfield code="h">N&#xBA; 46 - oct. 1976</subfield>
    <subfield code="l">0</subfield>
    <subfield code="o">H311.3 INT 46</subfield>
    <subfield code="p">R12887</subfield>
    <subfield code="r">2026-04-10 16:08:31</subfield>
    <subfield code="w">2026-04-10</subfield>
    <subfield code="y">RN</subfield>
  </datafield>
  <datafield tag="952" ind1=" " ind2=" ">
    <subfield code="0">0</subfield>
    <subfield code="1">0</subfield>
    <subfield code="4">0</subfield>
    <subfield code="7">0</subfield>
    <subfield code="a">BCEJYS</subfield>
    <subfield code="b">BCEJYS</subfield>
    <subfield code="c">17</subfield>
    <subfield code="d">1976-09-01</subfield>
    <subfield code="h">N&#xBA; 45 - sep. 1976</subfield>
    <subfield code="l">0</subfield>
    <subfield code="o">H311.3 INT 45</subfield>
    <subfield code="p">R12886</subfield>
    <subfield code="r">2026-04-10 16:08:31</subfield>
    <subfield code="w">2026-04-10</subfield>
    <subfield code="y">RN</subfield>
  </datafield>
  <datafield tag="952" ind1=" " ind2=" ">
    <subfield code="0">0</subfield>
    <subfield code="1">0</subfield>
    <subfield code="4">0</subfield>
    <subfield code="7">0</subfield>
    <subfield code="a">BCEJYS</subfield>
    <subfield code="b">BCEJYS</subfield>
    <subfield code="c">17</subfield>
    <subfield code="d">1976-08-01</subfield>
    <subfield code="h">N&#xBA; 44 - ago. 1976</subfield>
    <subfield code="l">0</subfield>
    <subfield code="o">H311.3 INT 44</subfield>
    <subfield code="p">R12885</subfield>
    <subfield code="r">2026-04-10 16:08:31</subfield>
    <subfield code="w">2026-04-10</subfield>
    <subfield code="y">RN</subfield>
  </datafield>
  <datafield tag="952" ind1=" " ind2=" ">
    <subfield code="0">0</subfield>
    <subfield code="1">0</subfield>
    <subfield code="4">0</subfield>
    <subfield code="7">0</subfield>
    <subfield code="a">BCEJYS</subfield>
    <subfield code="b">BCEJYS</subfield>
    <subfield code="c">17</subfield>
    <subfield code="d">1976-07-01</subfield>
    <subfield code="h">N&#xBA; 43 - jul. 1976</subfield>
    <subfield code="l">0</subfield>
    <subfield code="o">H311.3 INT 43</subfield>
    <subfield code="p">R12884</subfield>
    <subfield code="r">2026-04-10 16:08:31</subfield>
    <subfield code="w">2026-04-10</subfield>
    <subfield code="y">RN</subfield>
  </datafield>
  <datafield tag="952" ind1=" " ind2=" ">
    <subfield code="0">0</subfield>
    <subfield code="1">0</subfield>
    <subfield code="4">0</subfield>
    <subfield code="7">0</subfield>
    <subfield code="a">BCEJYS</subfield>
    <subfield code="b">BCEJYS</subfield>
    <subfield code="c">17</subfield>
    <subfield code="d">1976-06-01</subfield>
    <subfield code="h">N&#xBA; 42 - jun. 1976</subfield>
    <subfield code="l">0</subfield>
    <subfield code="o">H311.3 INT 42</subfield>
    <subfield code="p">R12883</subfield>
    <subfield code="r">2026-04-10 16:08:31</subfield>
    <subfield code="w">2026-04-10</subfield>
    <subfield code="y">RN</subfield>
  </datafield>
  <datafield tag="952" ind1=" " ind2=" ">
    <subfield code="0">0</subfield>
    <subfield code="1">0</subfield>
    <subfield code="4">0</subfield>
    <subfield code="7">0</subfield>
    <subfield code="a">BCEJYS</subfield>
    <subfield code="b">BCEJYS</subfield>
    <subfield code="c">17</subfield>
    <subfield code="d">1976-05-01</subfield>
    <subfield code="h">N&#xBA; 41 - mayo 1976</subfield>
    <subfield code="l">0</subfield>
    <subfield code="o">H311.3 INT 41</subfield>
    <subfield code="p">R12882</subfield>
    <subfield code="r">2026-04-10 16:08:31</subfield>
    <subfield code="w">2026-04-10</subfield>
    <subfield code="y">RN</subfield>
  </datafield>
  <datafield tag="952" ind1=" " ind2=" ">
    <subfield code="0">0</subfield>
    <subfield code="1">0</subfield>
    <subfield code="4">0</subfield>
    <subfield code="7">0</subfield>
    <subfield code="a">BCEJYS</subfield>
    <subfield code="b">BCEJYS</subfield>
    <subfield code="c">17</subfield>
    <subfield code="d">1976-04-01</subfield>
    <subfield code="h">N&#xBA; 40 - abr. 1976</subfield>
    <subfield code="l">0</subfield>
    <subfield code="o">H311.3 INT 40</subfield>
    <subfield code="p">R12881</subfield>
    <subfield code="r">2026-04-10 16:08:31</subfield>
    <subfield code="w">2026-04-10</subfield>
    <subfield code="y">RN</subfield>
  </datafield>
  <datafield tag="952" ind1=" " ind2=" ">
    <subfield code="0">0</subfield>
    <subfield code="1">0</subfield>
    <subfield code="4">0</subfield>
    <subfield code="7">0</subfield>
    <subfield code="a">BCEJYS</subfield>
    <subfield code="b">BCEJYS</subfield>
    <subfield code="c">17</subfield>
    <subfield code="d">1976-03-01</subfield>
    <subfield code="h">N&#xBA; 39 - mar. 1976</subfield>
    <subfield code="l">0</subfield>
    <subfield code="o">H311.3 INT 39</subfield>
    <subfield code="p">R12880</subfield>
    <subfield code="r">2026-04-10 16:08:31</subfield>
    <subfield code="w">2026-04-10</subfield>
    <subfield code="y">RN</subfield>
  </datafield>
  <datafield tag="952" ind1=" " ind2=" ">
    <subfield code="0">0</subfield>
    <subfield code="1">0</subfield>
    <subfield code="4">0</subfield>
    <subfield code="7">0</subfield>
    <subfield code="a">BCEJYS</subfield>
    <subfield code="b">BCEJYS</subfield>
    <subfield code="c">17</subfield>
    <subfield code="d">1976-02-01</subfield>
    <subfield code="h">N&#xBA; 38 - feb. 1976</subfield>
    <subfield code="l">0</subfield>
    <subfield code="o">H311.3 INT 38</subfield>
    <subfield code="p">R12879</subfield>
    <subfield code="r">2026-04-10 16:08:31</subfield>
    <subfield code="w">2026-04-10</subfield>
    <subfield code="y">RN</subfield>
  </datafield>
  <datafield tag="952" ind1=" " ind2=" ">
    <subfield code="0">0</subfield>
    <subfield code="1">0</subfield>
    <subfield code="4">0</subfield>
    <subfield code="7">0</subfield>
    <subfield code="a">BCEJYS</subfield>
    <subfield code="b">BCEJYS</subfield>
    <subfield code="c">17</subfield>
    <subfield code="d">1976-01-01</subfield>
    <subfield code="h">ene./dic. 1976</subfield>
    <subfield code="l">0</subfield>
    <subfield code="o">H311.3 INT 1976</subfield>
    <subfield code="p">R19910</subfield>
    <subfield code="r">2026-04-10 16:08:31</subfield>
    <subfield code="w">2026-04-10</subfield>
    <subfield code="y">RN</subfield>
  </datafield>
  <datafield tag="952" ind1=" " ind2=" ">
    <subfield code="0">0</subfield>
    <subfield code="1">0</subfield>
    <subfield code="4">0</subfield>
    <subfield code="7">0</subfield>
    <subfield code="a">BCEJYS</subfield>
    <subfield code="b">BCEJYS</subfield>
    <subfield code="c">17</subfield>
    <subfield code="d">1976-01-01</subfield>
    <subfield code="h">N&#xBA; 37 - ene. 1976</subfield>
    <subfield code="l">0</subfield>
    <subfield code="o">H311.3 INT 37</subfield>
    <subfield code="p">R12878</subfield>
    <subfield code="r">2026-04-10 16:08:31</subfield>
    <subfield code="w">2026-04-10</subfield>
    <subfield code="y">RN</subfield>
  </datafield>
  <datafield tag="952" ind1=" " ind2=" ">
    <subfield code="0">0</subfield>
    <subfield code="1">0</subfield>
    <subfield code="4">0</subfield>
    <subfield code="7">0</subfield>
    <subfield code="a">BCEJYS</subfield>
    <subfield code="b">BCEJYS</subfield>
    <subfield code="c">17</subfield>
    <subfield code="d">1975-12-01</subfield>
    <subfield code="h">N&#xBA; 36 - dic. 1975</subfield>
    <subfield code="l">0</subfield>
    <subfield code="o">H311.3 INT 36</subfield>
    <subfield code="p">R12877</subfield>
    <subfield code="r">2026-04-10 16:08:31</subfield>
    <subfield code="w">2026-04-10</subfield>
    <subfield code="y">RN</subfield>
  </datafield>
  <datafield tag="952" ind1=" " ind2=" ">
    <subfield code="0">0</subfield>
    <subfield code="1">0</subfield>
    <subfield code="4">0</subfield>
    <subfield code="7">0</subfield>
    <subfield code="a">BCEJYS</subfield>
    <subfield code="b">BCEJYS</subfield>
    <subfield code="c">17</subfield>
    <subfield code="d">1975-11-01</subfield>
    <subfield code="h">N&#xBA; 35 - nov. 1975</subfield>
    <subfield code="l">0</subfield>
    <subfield code="o">H311.3 INT 35</subfield>
    <subfield code="p">R12876</subfield>
    <subfield code="r">2026-04-10 16:08:31</subfield>
    <subfield code="w">2026-04-10</subfield>
    <subfield code="y">RN</subfield>
  </datafield>
  <datafield tag="952" ind1=" " ind2=" ">
    <subfield code="0">0</subfield>
    <subfield code="1">0</subfield>
    <subfield code="4">0</subfield>
    <subfield code="7">0</subfield>
    <subfield code="a">BCEJYS</subfield>
    <subfield code="b">BCEJYS</subfield>
    <subfield code="c">17</subfield>
    <subfield code="d">1975-10-01</subfield>
    <subfield code="h">N&#xBA; 34 - oct. 1975</subfield>
    <subfield code="l">0</subfield>
    <subfield code="o">H311.3 INT 34</subfield>
    <subfield code="p">R12875</subfield>
    <subfield code="r">2026-04-10 16:08:31</subfield>
    <subfield code="w">2026-04-10</subfield>
    <subfield code="y">RN</subfield>
  </datafield>
  <datafield tag="952" ind1=" " ind2=" ">
    <subfield code="0">0</subfield>
    <subfield code="1">0</subfield>
    <subfield code="4">0</subfield>
    <subfield code="7">0</subfield>
    <subfield code="a">BCEJYS</subfield>
    <subfield code="b">BCEJYS</subfield>
    <subfield code="c">17</subfield>
    <subfield code="d">1975-03-01</subfield>
    <subfield code="h">N&#xBA; 27 - mar. 1975</subfield>
    <subfield code="l">0</subfield>
    <subfield code="o">H311.3 INT 27</subfield>
    <subfield code="p">R12874</subfield>
    <subfield code="r">2026-04-10 16:08:31</subfield>
    <subfield code="w">2026-04-10</subfield>
    <subfield code="y">RN</subfield>
  </datafield>
  <datafield tag="952" ind1=" " ind2=" ">
    <subfield code="0">0</subfield>
    <subfield code="1">0</subfield>
    <subfield code="4">0</subfield>
    <subfield code="7">0</subfield>
    <subfield code="a">BCEJYS</subfield>
    <subfield code="b">BCEJYS</subfield>
    <subfield code="c">17</subfield>
    <subfield code="d">1975-02-01</subfield>
    <subfield code="h">N&#xBA; 26 - feb. 1975</subfield>
    <subfield code="l">0</subfield>
    <subfield code="o">H311.3 INT 26</subfield>
    <subfield code="p">R12873</subfield>
    <subfield code="r">2026-04-10 16:08:31</subfield>
    <subfield code="w">2026-04-10</subfield>
    <subfield code="y">RN</subfield>
  </datafield>
  <datafield tag="952" ind1=" " ind2=" ">
    <subfield code="0">0</subfield>
    <subfield code="1">0</subfield>
    <subfield code="4">0</subfield>
    <subfield code="7">0</subfield>
    <subfield code="a">BCEJYS</subfield>
    <subfield code="b">BCEJYS</subfield>
    <subfield code="c">17</subfield>
    <subfield code="d">1975-01-01</subfield>
    <subfield code="h">ene./dic. 1975</subfield>
    <subfield code="l">0</subfield>
    <subfield code="o">H311.3 INT 1975</subfield>
    <subfield code="p">R19909</subfield>
    <subfield code="r">2026-04-10 16:08:32</subfield>
    <subfield code="w">2026-04-10</subfield>
    <subfield code="y">RN</subfield>
  </datafield>
  <datafield tag="952" ind1=" " ind2=" ">
    <subfield code="0">0</subfield>
    <subfield code="1">0</subfield>
    <subfield code="4">0</subfield>
    <subfield code="7">0</subfield>
    <subfield code="a">BCEJYS</subfield>
    <subfield code="b">BCEJYS</subfield>
    <subfield code="c">17</subfield>
    <subfield code="d">1975-01-01</subfield>
    <subfield code="h">N&#xBA; 25 - ene. 1975</subfield>
    <subfield code="l">0</subfield>
    <subfield code="o">H311.3 INT 25</subfield>
    <subfield code="p">R12872</subfield>
    <subfield code="r">2026-04-10 16:08:32</subfield>
    <subfield code="w">2026-04-10</subfield>
    <subfield code="y">RN</subfield>
  </datafield>
  <datafield tag="952" ind1=" " ind2=" ">
    <subfield code="0">0</subfield>
    <subfield code="1">0</subfield>
    <subfield code="4">0</subfield>
    <subfield code="7">0</subfield>
    <subfield code="a">BCEJYS</subfield>
    <subfield code="b">BCEJYS</subfield>
    <subfield code="c">17</subfield>
    <subfield code="d">1974-12-01</subfield>
    <subfield code="h">N&#xBA; 24 - dic. 1974</subfield>
    <subfield code="l">0</subfield>
    <subfield code="o">H311.3 INT 24</subfield>
    <subfield code="p">R12871</subfield>
    <subfield code="r">2026-04-10 16:08:32</subfield>
    <subfield code="w">2026-04-10</subfield>
    <subfield code="y">RN</subfield>
  </datafield>
  <datafield tag="952" ind1=" " ind2=" ">
    <subfield code="0">0</subfield>
    <subfield code="1">0</subfield>
    <subfield code="4">0</subfield>
    <subfield code="7">0</subfield>
    <subfield code="a">BCEJYS</subfield>
    <subfield code="b">BCEJYS</subfield>
    <subfield code="c">17</subfield>
    <subfield code="d">1974-11-01</subfield>
    <subfield code="h">N&#xBA; 23 - nov. 1974</subfield>
    <subfield code="l">0</subfield>
    <subfield code="o">H311.3 INT 23</subfield>
    <subfield code="p">R12870</subfield>
    <subfield code="r">2026-04-10 16:08:32</subfield>
    <subfield code="w">2026-04-10</subfield>
    <subfield code="y">RN</subfield>
  </datafield>
  <datafield tag="952" ind1=" " ind2=" ">
    <subfield code="0">0</subfield>
    <subfield code="1">0</subfield>
    <subfield code="4">0</subfield>
    <subfield code="7">0</subfield>
    <subfield code="a">BCEJYS</subfield>
    <subfield code="b">BCEJYS</subfield>
    <subfield code="c">17</subfield>
    <subfield code="d">1974-10-01</subfield>
    <subfield code="h">N&#xBA; 22 - oct. 1974</subfield>
    <subfield code="l">0</subfield>
    <subfield code="o">H311.3 INT 22</subfield>
    <subfield code="p">R12869</subfield>
    <subfield code="r">2026-04-10 16:08:32</subfield>
    <subfield code="w">2026-04-10</subfield>
    <subfield code="y">RN</subfield>
  </datafield>
  <datafield tag="952" ind1=" " ind2=" ">
    <subfield code="0">0</subfield>
    <subfield code="1">0</subfield>
    <subfield code="4">0</subfield>
    <subfield code="7">0</subfield>
    <subfield code="a">BCEJYS</subfield>
    <subfield code="b">BCEJYS</subfield>
    <subfield code="c">17</subfield>
    <subfield code="d">1974-09-01</subfield>
    <subfield code="h">N&#xBA; 21 - sep. 1974</subfield>
    <subfield code="l">0</subfield>
    <subfield code="o">H311.3 INT 21</subfield>
    <subfield code="p">R12868</subfield>
    <subfield code="r">2026-04-10 16:08:32</subfield>
    <subfield code="w">2026-04-10</subfield>
    <subfield code="y">RN</subfield>
  </datafield>
  <datafield tag="952" ind1=" " ind2=" ">
    <subfield code="0">0</subfield>
    <subfield code="1">0</subfield>
    <subfield code="4">0</subfield>
    <subfield code="7">0</subfield>
    <subfield code="a">BCEJYS</subfield>
    <subfield code="b">BCEJYS</subfield>
    <subfield code="c">17</subfield>
    <subfield code="d">1974-08-01</subfield>
    <subfield code="h">N&#xBA; 20 - ago. 1974</subfield>
    <subfield code="l">0</subfield>
    <subfield code="o">H311.3 INT 20</subfield>
    <subfield code="p">R12867</subfield>
    <subfield code="r">2026-04-10 16:08:32</subfield>
    <subfield code="w">2026-04-10</subfield>
    <subfield code="y">RN</subfield>
  </datafield>
  <datafield tag="952" ind1=" " ind2=" ">
    <subfield code="0">0</subfield>
    <subfield code="1">0</subfield>
    <subfield code="4">0</subfield>
    <subfield code="7">0</subfield>
    <subfield code="a">BCEJYS</subfield>
    <subfield code="b">BCEJYS</subfield>
    <subfield code="c">17</subfield>
    <subfield code="d">1974-07-01</subfield>
    <subfield code="h">N&#xBA; 19 - jul. 1974</subfield>
    <subfield code="l">0</subfield>
    <subfield code="o">H311.3 INT 19</subfield>
    <subfield code="p">R12866</subfield>
    <subfield code="r">2026-04-10 16:08:32</subfield>
    <subfield code="w">2026-04-10</subfield>
    <subfield code="y">RN</subfield>
  </datafield>
  <datafield tag="952" ind1=" " ind2=" ">
    <subfield code="0">0</subfield>
    <subfield code="1">0</subfield>
    <subfield code="4">0</subfield>
    <subfield code="7">0</subfield>
    <subfield code="a">BCEJYS</subfield>
    <subfield code="b">BCEJYS</subfield>
    <subfield code="c">17</subfield>
    <subfield code="d">1974-06-01</subfield>
    <subfield code="h">N&#xBA; 18 - jun. 1974</subfield>
    <subfield code="l">0</subfield>
    <subfield code="o">H311.3 INT 18</subfield>
    <subfield code="p">R12865</subfield>
    <subfield code="r">2026-04-10 16:08:32</subfield>
    <subfield code="w">2026-04-10</subfield>
    <subfield code="y">RN</subfield>
  </datafield>
  <datafield tag="952" ind1=" " ind2=" ">
    <subfield code="0">0</subfield>
    <subfield code="1">0</subfield>
    <subfield code="4">0</subfield>
    <subfield code="7">0</subfield>
    <subfield code="a">BCEJYS</subfield>
    <subfield code="b">BCEJYS</subfield>
    <subfield code="c">17</subfield>
    <subfield code="d">1974-05-01</subfield>
    <subfield code="h">N&#xBA; 17 - mayo 1974</subfield>
    <subfield code="l">0</subfield>
    <subfield code="o">H311.3 INT 17</subfield>
    <subfield code="p">R12864</subfield>
    <subfield code="r">2026-04-10 16:08:32</subfield>
    <subfield code="w">2026-04-10</subfield>
    <subfield code="y">RN</subfield>
  </datafield>
  <datafield tag="952" ind1=" " ind2=" ">
    <subfield code="0">0</subfield>
    <subfield code="1">0</subfield>
    <subfield code="4">0</subfield>
    <subfield code="7">0</subfield>
    <subfield code="a">BCEJYS</subfield>
    <subfield code="b">BCEJYS</subfield>
    <subfield code="c">17</subfield>
    <subfield code="d">1974-04-01</subfield>
    <subfield code="h">N&#xBA; 16 - abr. 1974</subfield>
    <subfield code="l">0</subfield>
    <subfield code="o">H311.3 INT 16</subfield>
    <subfield code="p">R12863</subfield>
    <subfield code="r">2026-04-10 16:08:32</subfield>
    <subfield code="w">2026-04-10</subfield>
    <subfield code="y">RN</subfield>
  </datafield>
  <datafield tag="952" ind1=" " ind2=" ">
    <subfield code="0">0</subfield>
    <subfield code="1">0</subfield>
    <subfield code="4">0</subfield>
    <subfield code="7">0</subfield>
    <subfield code="a">BCEJYS</subfield>
    <subfield code="b">BCEJYS</subfield>
    <subfield code="c">17</subfield>
    <subfield code="d">1974-03-01</subfield>
    <subfield code="h">N&#xBA; 15 - mar. 1974</subfield>
    <subfield code="l">0</subfield>
    <subfield code="o">H311.3 INT 15</subfield>
    <subfield code="p">R12862</subfield>
    <subfield code="r">2026-04-10 16:08:32</subfield>
    <subfield code="w">2026-04-10</subfield>
    <subfield code="y">RN</subfield>
  </datafield>
  <datafield tag="952" ind1=" " ind2=" ">
    <subfield code="0">0</subfield>
    <subfield code="1">0</subfield>
    <subfield code="4">0</subfield>
    <subfield code="7">0</subfield>
    <subfield code="a">BCEJYS</subfield>
    <subfield code="b">BCEJYS</subfield>
    <subfield code="c">17</subfield>
    <subfield code="d">1974-02-01</subfield>
    <subfield code="h">N&#xBA; 14 - feb. 1974</subfield>
    <subfield code="l">0</subfield>
    <subfield code="o">H311.3 INT 14</subfield>
    <subfield code="p">R12861</subfield>
    <subfield code="r">2026-04-10 16:08:32</subfield>
    <subfield code="w">2026-04-10</subfield>
    <subfield code="y">RN</subfield>
  </datafield>
  <datafield tag="952" ind1=" " ind2=" ">
    <subfield code="0">0</subfield>
    <subfield code="1">0</subfield>
    <subfield code="4">0</subfield>
    <subfield code="7">0</subfield>
    <subfield code="a">BCEJYS</subfield>
    <subfield code="b">BCEJYS</subfield>
    <subfield code="c">17</subfield>
    <subfield code="d">1974-01-01</subfield>
    <subfield code="h">ene./dic. 1974</subfield>
    <subfield code="l">0</subfield>
    <subfield code="o">H311.3 INT 1974</subfield>
    <subfield code="p">R19908</subfield>
    <subfield code="r">2026-04-10 16:08:32</subfield>
    <subfield code="w">2026-04-10</subfield>
    <subfield code="y">RN</subfield>
  </datafield>
  <datafield tag="952" ind1=" " ind2=" ">
    <subfield code="0">0</subfield>
    <subfield code="1">0</subfield>
    <subfield code="4">0</subfield>
    <subfield code="7">0</subfield>
    <subfield code="a">BCEJYS</subfield>
    <subfield code="b">BCEJYS</subfield>
    <subfield code="c">17</subfield>
    <subfield code="d">1974-01-01</subfield>
    <subfield code="h">N&#xBA; 13 - ene. 1974</subfield>
    <subfield code="l">0</subfield>
    <subfield code="o">H311.3 INT 13</subfield>
    <subfield code="p">R12860</subfield>
    <subfield code="r">2026-04-10 16:08:32</subfield>
    <subfield code="w">2026-04-10</subfield>
    <subfield code="y">RN</subfield>
  </datafield>
  <datafield tag="952" ind1=" " ind2=" ">
    <subfield code="0">0</subfield>
    <subfield code="1">0</subfield>
    <subfield code="4">0</subfield>
    <subfield code="7">0</subfield>
    <subfield code="a">BCEJYS</subfield>
    <subfield code="b">BCEJYS</subfield>
    <subfield code="c">17</subfield>
    <subfield code="d">1973-12-01</subfield>
    <subfield code="h">N&#xBA; 12 - dic. 1973</subfield>
    <subfield code="l">0</subfield>
    <subfield code="o">H311.3 INT 12</subfield>
    <subfield code="p">R12859</subfield>
    <subfield code="r">2026-04-10 16:08:32</subfield>
    <subfield code="w">2026-04-10</subfield>
    <subfield code="y">RN</subfield>
  </datafield>
  <datafield tag="952" ind1=" " ind2=" ">
    <subfield code="0">0</subfield>
    <subfield code="1">0</subfield>
    <subfield code="4">0</subfield>
    <subfield code="7">0</subfield>
    <subfield code="a">BCEJYS</subfield>
    <subfield code="b">BCEJYS</subfield>
    <subfield code="c">17</subfield>
    <subfield code="d">1973-11-01</subfield>
    <subfield code="h">N&#xBA; 11 - nov. 1973</subfield>
    <subfield code="l">0</subfield>
    <subfield code="o">H311.3 INT 11</subfield>
    <subfield code="p">R12858</subfield>
    <subfield code="r">2026-04-10 16:08:32</subfield>
    <subfield code="w">2026-04-10</subfield>
    <subfield code="y">RN</subfield>
  </datafield>
  <datafield tag="952" ind1=" " ind2=" ">
    <subfield code="0">0</subfield>
    <subfield code="1">0</subfield>
    <subfield code="4">0</subfield>
    <subfield code="7">0</subfield>
    <subfield code="a">BCEJYS</subfield>
    <subfield code="b">BCEJYS</subfield>
    <subfield code="c">17</subfield>
    <subfield code="d">1973-10-01</subfield>
    <subfield code="h">N&#xBA; 10 - oct. 1973</subfield>
    <subfield code="l">0</subfield>
    <subfield code="o">H311.3 INT 10</subfield>
    <subfield code="p">R12857</subfield>
    <subfield code="r">2026-04-10 16:08:32</subfield>
    <subfield code="w">2026-04-10</subfield>
    <subfield code="y">RN</subfield>
  </datafield>
  <datafield tag="952" ind1=" " ind2=" ">
    <subfield code="0">0</subfield>
    <subfield code="1">0</subfield>
    <subfield code="4">0</subfield>
    <subfield code="7">0</subfield>
    <subfield code="a">BCEJYS</subfield>
    <subfield code="b">BCEJYS</subfield>
    <subfield code="c">17</subfield>
    <subfield code="d">1973-09-01</subfield>
    <subfield code="h">N&#xBA; 9 - sep. 1973</subfield>
    <subfield code="l">0</subfield>
    <subfield code="o">H311.3 INT 9</subfield>
    <subfield code="p">R12856</subfield>
    <subfield code="r">2026-04-10 16:08:32</subfield>
    <subfield code="w">2026-04-10</subfield>
    <subfield code="y">RN</subfield>
  </datafield>
  <datafield tag="952" ind1=" " ind2=" ">
    <subfield code="0">0</subfield>
    <subfield code="1">0</subfield>
    <subfield code="4">0</subfield>
    <subfield code="7">0</subfield>
    <subfield code="a">BCEJYS</subfield>
    <subfield code="b">BCEJYS</subfield>
    <subfield code="c">17</subfield>
    <subfield code="d">1973-08-01</subfield>
    <subfield code="h">N&#xBA; 8 - ago. 1973</subfield>
    <subfield code="l">0</subfield>
    <subfield code="o">H311.3 INT 8</subfield>
    <subfield code="p">R12855</subfield>
    <subfield code="r">2026-04-10 16:08:32</subfield>
    <subfield code="w">2026-04-10</subfield>
    <subfield code="y">RN</subfield>
  </datafield>
  <datafield tag="952" ind1=" " ind2=" ">
    <subfield code="0">0</subfield>
    <subfield code="1">0</subfield>
    <subfield code="4">0</subfield>
    <subfield code="7">0</subfield>
    <subfield code="a">BCEJYS</subfield>
    <subfield code="b">BCEJYS</subfield>
    <subfield code="c">17</subfield>
    <subfield code="d">1973-07-01</subfield>
    <subfield code="h">N&#xBA; 7 - jul. 1973</subfield>
    <subfield code="l">0</subfield>
    <subfield code="o">H311.3 INT 7</subfield>
    <subfield code="p">R12854</subfield>
    <subfield code="r">2026-04-10 16:08:32</subfield>
    <subfield code="w">2026-04-10</subfield>
    <subfield code="y">RN</subfield>
  </datafield>
  <datafield tag="952" ind1=" " ind2=" ">
    <subfield code="0">0</subfield>
    <subfield code="1">0</subfield>
    <subfield code="4">0</subfield>
    <subfield code="7">0</subfield>
    <subfield code="a">BCEJYS</subfield>
    <subfield code="b">BCEJYS</subfield>
    <subfield code="c">17</subfield>
    <subfield code="d">1973-06-01</subfield>
    <subfield code="h">N&#xBA; 6 - jun. 1973</subfield>
    <subfield code="l">0</subfield>
    <subfield code="o">H311.3 INT 6</subfield>
    <subfield code="p">R12853</subfield>
    <subfield code="r">2026-04-10 16:08:32</subfield>
    <subfield code="w">2026-04-10</subfield>
    <subfield code="y">RN</subfield>
  </datafield>
  <datafield tag="952" ind1=" " ind2=" ">
    <subfield code="0">0</subfield>
    <subfield code="1">0</subfield>
    <subfield code="4">0</subfield>
    <subfield code="7">0</subfield>
    <subfield code="a">BCEJYS</subfield>
    <subfield code="b">BCEJYS</subfield>
    <subfield code="c">17</subfield>
    <subfield code="d">1973-05-01</subfield>
    <subfield code="h">N&#xBA; 5 - mayo 1973</subfield>
    <subfield code="l">0</subfield>
    <subfield code="o">H311.3 INT 5</subfield>
    <subfield code="p">R12852</subfield>
    <subfield code="r">2026-04-10 16:08:32</subfield>
    <subfield code="w">2026-04-10</subfield>
    <subfield code="y">RN</subfield>
  </datafield>
  <datafield tag="952" ind1=" " ind2=" ">
    <subfield code="0">0</subfield>
    <subfield code="1">0</subfield>
    <subfield code="4">0</subfield>
    <subfield code="7">0</subfield>
    <subfield code="a">BCEJYS</subfield>
    <subfield code="b">BCEJYS</subfield>
    <subfield code="c">17</subfield>
    <subfield code="d">1973-04-01</subfield>
    <subfield code="h">N&#xBA; 4 - abr. 1973</subfield>
    <subfield code="l">0</subfield>
    <subfield code="o">H311.3 INT 4</subfield>
    <subfield code="p">R12851</subfield>
    <subfield code="r">2026-04-10 16:08:32</subfield>
    <subfield code="w">2026-04-10</subfield>
    <subfield code="y">RN</subfield>
  </datafield>
  <datafield tag="952" ind1=" " ind2=" ">
    <subfield code="0">0</subfield>
    <subfield code="1">0</subfield>
    <subfield code="4">0</subfield>
    <subfield code="7">0</subfield>
    <subfield code="a">BCEJYS</subfield>
    <subfield code="b">BCEJYS</subfield>
    <subfield code="c">17</subfield>
    <subfield code="d">1973-03-01</subfield>
    <subfield code="h">N&#xBA; 3 - mar. 1973</subfield>
    <subfield code="l">0</subfield>
    <subfield code="o">H311.3 INT 3</subfield>
    <subfield code="p">R12850</subfield>
    <subfield code="r">2026-04-10 16:08:32</subfield>
    <subfield code="w">2026-04-10</subfield>
    <subfield code="y">RN</subfield>
  </datafield>
  <datafield tag="952" ind1=" " ind2=" ">
    <subfield code="0">0</subfield>
    <subfield code="1">0</subfield>
    <subfield code="4">0</subfield>
    <subfield code="7">0</subfield>
    <subfield code="a">BCEJYS</subfield>
    <subfield code="b">BCEJYS</subfield>
    <subfield code="c">17</subfield>
    <subfield code="d">1973-02-01</subfield>
    <subfield code="h">N&#xBA; 2 - feb. 1973</subfield>
    <subfield code="l">0</subfield>
    <subfield code="o">H311.3 INT 2</subfield>
    <subfield code="p">R12849</subfield>
    <subfield code="r">2026-04-10 16:08:32</subfield>
    <subfield code="w">2026-04-10</subfield>
    <subfield code="y">RN</subfield>
  </datafield>
  <datafield tag="952" ind1=" " ind2=" ">
    <subfield code="0">0</subfield>
    <subfield code="1">0</subfield>
    <subfield code="4">0</subfield>
    <subfield code="7">0</subfield>
    <subfield code="a">BCEJYS</subfield>
    <subfield code="b">BCEJYS</subfield>
    <subfield code="c">17</subfield>
    <subfield code="d">1973-01-01</subfield>
    <subfield code="h">ene./dic. 1973</subfield>
    <subfield code="l">0</subfield>
    <subfield code="o">H311.3 INT 1973</subfield>
    <subfield code="p">R19907</subfield>
    <subfield code="r">2026-04-10 16:08:32</subfield>
    <subfield code="w">2026-04-10</subfield>
    <subfield code="y">RN</subfield>
  </datafield>
  <datafield tag="952" ind1=" " ind2=" ">
    <subfield code="0">0</subfield>
    <subfield code="1">0</subfield>
    <subfield code="4">0</subfield>
    <subfield code="7">0</subfield>
    <subfield code="a">BCEJYS</subfield>
    <subfield code="b">BCEJYS</subfield>
    <subfield code="c">17</subfield>
    <subfield code="d">1973-01-01</subfield>
    <subfield code="h">N&#xBA; 1 - ene. 1973</subfield>
    <subfield code="l">0</subfield>
    <subfield code="o">H311.3 INT 1</subfield>
    <subfield code="p">R12721</subfield>
    <subfield code="r">2026-04-10 16:08:32</subfield>
    <subfield code="w">2026-04-10</subfield>
    <subfield code="y">RN</subfield>
  </datafield>
  <datafield tag="952" ind1=" " ind2=" ">
    <subfield code="0">0</subfield>
    <subfield code="1">0</subfield>
    <subfield code="4">0</subfield>
    <subfield code="7">0</subfield>
    <subfield code="a">BCEJYS</subfield>
    <subfield code="b">BCEJYS</subfield>
    <subfield code="c">17</subfield>
    <subfield code="d">1972-12-01</subfield>
    <subfield code="h">N&#xBA; 12 - dic. 1972</subfield>
    <subfield code="l">0</subfield>
    <subfield code="o">H311.3 INT 12.1972</subfield>
    <subfield code="p">R17464</subfield>
    <subfield code="r">2026-04-10 16:08:32</subfield>
    <subfield code="w">2026-04-10</subfield>
    <subfield code="y">RN</subfield>
  </datafield>
  <datafield tag="952" ind1=" " ind2=" ">
    <subfield code="0">0</subfield>
    <subfield code="1">0</subfield>
    <subfield code="4">0</subfield>
    <subfield code="7">0</subfield>
    <subfield code="a">BCEJYS</subfield>
    <subfield code="b">BCEJYS</subfield>
    <subfield code="c">17</subfield>
    <subfield code="d">1972-11-01</subfield>
    <subfield code="h">N&#xBA; 11 - nov. 1972</subfield>
    <subfield code="l">0</subfield>
    <subfield code="o">H311.3 INT 11.1972</subfield>
    <subfield code="p">R17463</subfield>
    <subfield code="r">2026-04-10 16:08:32</subfield>
    <subfield code="w">2026-04-10</subfield>
    <subfield code="y">RN</subfield>
  </datafield>
  <datafield tag="952" ind1=" " ind2=" ">
    <subfield code="0">0</subfield>
    <subfield code="1">0</subfield>
    <subfield code="4">0</subfield>
    <subfield code="7">0</subfield>
    <subfield code="a">BCEJYS</subfield>
    <subfield code="b">BCEJYS</subfield>
    <subfield code="c">17</subfield>
    <subfield code="d">1972-10-01</subfield>
    <subfield code="h">N&#xBA; 10 - oct. 1972</subfield>
    <subfield code="l">0</subfield>
    <subfield code="o">H311.3 INT 10.1972</subfield>
    <subfield code="p">R17462</subfield>
    <subfield code="r">2026-04-10 16:08:32</subfield>
    <subfield code="w">2026-04-10</subfield>
    <subfield code="y">RN</subfield>
  </datafield>
  <datafield tag="952" ind1=" " ind2=" ">
    <subfield code="0">0</subfield>
    <subfield code="1">0</subfield>
    <subfield code="4">0</subfield>
    <subfield code="7">0</subfield>
    <subfield code="a">BCEJYS</subfield>
    <subfield code="b">BCEJYS</subfield>
    <subfield code="c">17</subfield>
    <subfield code="d">1972-09-01</subfield>
    <subfield code="h">N&#xBA; 9 - sep. 1972</subfield>
    <subfield code="l">0</subfield>
    <subfield code="o">H311.3 INT 9.1972</subfield>
    <subfield code="p">R17461</subfield>
    <subfield code="r">2026-04-10 16:08:32</subfield>
    <subfield code="w">2026-04-10</subfield>
    <subfield code="y">RN</subfield>
  </datafield>
  <datafield tag="952" ind1=" " ind2=" ">
    <subfield code="0">0</subfield>
    <subfield code="1">0</subfield>
    <subfield code="4">0</subfield>
    <subfield code="7">0</subfield>
    <subfield code="a">BCEJYS</subfield>
    <subfield code="b">BCEJYS</subfield>
    <subfield code="c">17</subfield>
    <subfield code="d">1972-06-01</subfield>
    <subfield code="h">N&#xBA; 6 - jun. 1972</subfield>
    <subfield code="l">0</subfield>
    <subfield code="o">H311.3 INT 6.1972</subfield>
    <subfield code="p">R17460</subfield>
    <subfield code="r">2026-04-10 16:08:32</subfield>
    <subfield code="w">2026-04-10</subfield>
    <subfield code="y">RN</subfield>
  </datafield>
  <datafield tag="952" ind1=" " ind2=" ">
    <subfield code="0">0</subfield>
    <subfield code="1">0</subfield>
    <subfield code="4">0</subfield>
    <subfield code="7">0</subfield>
    <subfield code="a">BCEJYS</subfield>
    <subfield code="b">BCEJYS</subfield>
    <subfield code="c">17</subfield>
    <subfield code="d">1972-05-01</subfield>
    <subfield code="h">N&#xBA; 5 - mayo 1972</subfield>
    <subfield code="l">0</subfield>
    <subfield code="o">H311.3 INT 5.1972</subfield>
    <subfield code="p">R17459</subfield>
    <subfield code="r">2026-04-10 16:08:32</subfield>
    <subfield code="w">2026-04-10</subfield>
    <subfield code="y">RN</subfield>
  </datafield>
  <datafield tag="952" ind1=" " ind2=" ">
    <subfield code="0">0</subfield>
    <subfield code="1">0</subfield>
    <subfield code="4">0</subfield>
    <subfield code="7">0</subfield>
    <subfield code="a">BCEJYS</subfield>
    <subfield code="b">BCEJYS</subfield>
    <subfield code="c">17</subfield>
    <subfield code="d">1972-04-01</subfield>
    <subfield code="h">N&#xBA; 4 - abr. 1972</subfield>
    <subfield code="l">0</subfield>
    <subfield code="o">H311.3 INT 4.1972</subfield>
    <subfield code="p">R17458</subfield>
    <subfield code="r">2026-04-10 16:08:32</subfield>
    <subfield code="w">2026-04-10</subfield>
    <subfield code="y">RN</subfield>
  </datafield>
  <datafield tag="952" ind1=" " ind2=" ">
    <subfield code="0">0</subfield>
    <subfield code="1">0</subfield>
    <subfield code="4">0</subfield>
    <subfield code="7">0</subfield>
    <subfield code="a">BCEJYS</subfield>
    <subfield code="b">BCEJYS</subfield>
    <subfield code="c">17</subfield>
    <subfield code="d">1972-02-01</subfield>
    <subfield code="h">N&#xBA; 2 - feb. 1972</subfield>
    <subfield code="l">0</subfield>
    <subfield code="o">H311.3 INT 2.1972</subfield>
    <subfield code="p">R17457</subfield>
    <subfield code="r">2026-04-10 16:08:32</subfield>
    <subfield code="w">2026-04-10</subfield>
    <subfield code="y">RN</subfield>
  </datafield>
  <datafield tag="952" ind1=" " ind2=" ">
    <subfield code="0">0</subfield>
    <subfield code="1">0</subfield>
    <subfield code="4">0</subfield>
    <subfield code="7">0</subfield>
    <subfield code="a">BCEJYS</subfield>
    <subfield code="b">BCEJYS</subfield>
    <subfield code="c">17</subfield>
    <subfield code="d">1972-01-01</subfield>
    <subfield code="h">ene./dic. 1972</subfield>
    <subfield code="l">0</subfield>
    <subfield code="o">H311.3 INT 1972</subfield>
    <subfield code="p">R19906</subfield>
    <subfield code="r">2026-04-10 16:08:32</subfield>
    <subfield code="w">2026-04-10</subfield>
    <subfield code="y">RN</subfield>
  </datafield>
  <datafield tag="952" ind1=" " ind2=" ">
    <subfield code="0">0</subfield>
    <subfield code="1">0</subfield>
    <subfield code="4">0</subfield>
    <subfield code="7">0</subfield>
    <subfield code="a">BCEJYS</subfield>
    <subfield code="b">BCEJYS</subfield>
    <subfield code="c">17</subfield>
    <subfield code="d">1972-01-01</subfield>
    <subfield code="h">N&#xBA; 1 - ene. 1972</subfield>
    <subfield code="l">0</subfield>
    <subfield code="o">H311.3 INT 1.1972</subfield>
    <subfield code="p">R17456</subfield>
    <subfield code="r">2026-04-10 16:08:32</subfield>
    <subfield code="w">2026-04-10</subfield>
    <subfield code="y">RN</subfield>
  </datafield>
  <datafield tag="952" ind1=" " ind2=" ">
    <subfield code="0">0</subfield>
    <subfield code="1">0</subfield>
    <subfield code="4">0</subfield>
    <subfield code="7">0</subfield>
    <subfield code="a">BCEJYS</subfield>
    <subfield code="b">BCEJYS</subfield>
    <subfield code="c">17</subfield>
    <subfield code="d">1971-12-01</subfield>
    <subfield code="h">N&#xBA; 12 - dic. 1971</subfield>
    <subfield code="l">0</subfield>
    <subfield code="o">H311.3 INT 12.1971</subfield>
    <subfield code="p">R17455</subfield>
    <subfield code="r">2026-04-10 16:08:32</subfield>
    <subfield code="w">2026-04-10</subfield>
    <subfield code="y">RN</subfield>
  </datafield>
  <datafield tag="952" ind1=" " ind2=" ">
    <subfield code="0">0</subfield>
    <subfield code="1">0</subfield>
    <subfield code="4">0</subfield>
    <subfield code="7">0</subfield>
    <subfield code="a">BCEJYS</subfield>
    <subfield code="b">BCEJYS</subfield>
    <subfield code="c">17</subfield>
    <subfield code="d">1971-11-01</subfield>
    <subfield code="h">N&#xBA; 11 - nov. 1971</subfield>
    <subfield code="l">0</subfield>
    <subfield code="o">H311.3 INT 11.1971</subfield>
    <subfield code="p">R17454</subfield>
    <subfield code="r">2026-04-10 16:08:32</subfield>
    <subfield code="w">2026-04-10</subfield>
    <subfield code="y">RN</subfield>
  </datafield>
  <datafield tag="952" ind1=" " ind2=" ">
    <subfield code="0">0</subfield>
    <subfield code="1">0</subfield>
    <subfield code="4">0</subfield>
    <subfield code="7">0</subfield>
    <subfield code="a">BCEJYS</subfield>
    <subfield code="b">BCEJYS</subfield>
    <subfield code="c">17</subfield>
    <subfield code="d">1971-10-01</subfield>
    <subfield code="h">N&#xBA; 10 - oct. 1971</subfield>
    <subfield code="l">0</subfield>
    <subfield code="o">H311.3 INT 10.1971</subfield>
    <subfield code="p">R17453</subfield>
    <subfield code="r">2026-04-10 16:08:32</subfield>
    <subfield code="w">2026-04-10</subfield>
    <subfield code="y">RN</subfield>
  </datafield>
  <datafield tag="952" ind1=" " ind2=" ">
    <subfield code="0">0</subfield>
    <subfield code="1">0</subfield>
    <subfield code="4">0</subfield>
    <subfield code="7">0</subfield>
    <subfield code="a">BCEJYS</subfield>
    <subfield code="b">BCEJYS</subfield>
    <subfield code="c">17</subfield>
    <subfield code="d">1971-08-01</subfield>
    <subfield code="h">N&#xBA; 8 - ago. 1971</subfield>
    <subfield code="l">0</subfield>
    <subfield code="o">H311.3 INT 8.1971</subfield>
    <subfield code="p">R17452</subfield>
    <subfield code="r">2026-04-10 16:08:32</subfield>
    <subfield code="w">2026-04-10</subfield>
    <subfield code="y">RN</subfield>
  </datafield>
  <datafield tag="952" ind1=" " ind2=" ">
    <subfield code="0">0</subfield>
    <subfield code="1">0</subfield>
    <subfield code="4">0</subfield>
    <subfield code="7">0</subfield>
    <subfield code="a">BCEJYS</subfield>
    <subfield code="b">BCEJYS</subfield>
    <subfield code="c">17</subfield>
    <subfield code="d">1971-07-01</subfield>
    <subfield code="h">N&#xBA; 7 - jul. 1971</subfield>
    <subfield code="l">0</subfield>
    <subfield code="o">H311.3 INT 7.1971</subfield>
    <subfield code="p">R17451</subfield>
    <subfield code="r">2026-04-10 16:08:32</subfield>
    <subfield code="w">2026-04-10</subfield>
    <subfield code="y">RN</subfield>
  </datafield>
  <datafield tag="952" ind1=" " ind2=" ">
    <subfield code="0">0</subfield>
    <subfield code="1">0</subfield>
    <subfield code="4">0</subfield>
    <subfield code="7">0</subfield>
    <subfield code="a">BCEJYS</subfield>
    <subfield code="b">BCEJYS</subfield>
    <subfield code="c">17</subfield>
    <subfield code="d">1971-06-01</subfield>
    <subfield code="h">N&#xBA; 6 - jun. 1971</subfield>
    <subfield code="l">0</subfield>
    <subfield code="o">H311.3 INT 6.1971</subfield>
    <subfield code="p">R17450</subfield>
    <subfield code="r">2026-04-10 16:08:32</subfield>
    <subfield code="w">2026-04-10</subfield>
    <subfield code="y">RN</subfield>
  </datafield>
  <datafield tag="952" ind1=" " ind2=" ">
    <subfield code="0">0</subfield>
    <subfield code="1">0</subfield>
    <subfield code="4">0</subfield>
    <subfield code="7">0</subfield>
    <subfield code="a">BCEJYS</subfield>
    <subfield code="b">BCEJYS</subfield>
    <subfield code="c">17</subfield>
    <subfield code="d">1971-05-01</subfield>
    <subfield code="h">N&#xBA; 5 - mayo 1971</subfield>
    <subfield code="l">0</subfield>
    <subfield code="o">H311.3 INT 5.1971</subfield>
    <subfield code="p">R17449</subfield>
    <subfield code="r">2026-04-10 16:08:32</subfield>
    <subfield code="w">2026-04-10</subfield>
    <subfield code="y">RN</subfield>
  </datafield>
  <datafield tag="952" ind1=" " ind2=" ">
    <subfield code="0">0</subfield>
    <subfield code="1">0</subfield>
    <subfield code="4">0</subfield>
    <subfield code="7">0</subfield>
    <subfield code="a">BCEJYS</subfield>
    <subfield code="b">BCEJYS</subfield>
    <subfield code="c">17</subfield>
    <subfield code="d">1971-04-01</subfield>
    <subfield code="h">N&#xBA; 4 - abr. 1971</subfield>
    <subfield code="l">0</subfield>
    <subfield code="o">H311.3 INT 4.1971</subfield>
    <subfield code="p">R17448</subfield>
    <subfield code="r">2026-04-10 16:08:32</subfield>
    <subfield code="w">2026-04-10</subfield>
    <subfield code="y">RN</subfield>
  </datafield>
  <datafield tag="952" ind1=" " ind2=" ">
    <subfield code="0">0</subfield>
    <subfield code="1">0</subfield>
    <subfield code="4">0</subfield>
    <subfield code="7">0</subfield>
    <subfield code="a">BCEJYS</subfield>
    <subfield code="b">BCEJYS</subfield>
    <subfield code="c">17</subfield>
    <subfield code="d">1971-03-01</subfield>
    <subfield code="h">N&#xBA; 3 - mar. 1971</subfield>
    <subfield code="l">0</subfield>
    <subfield code="o">H311.3 INT 3.1971</subfield>
    <subfield code="p">R17447</subfield>
    <subfield code="r">2026-04-10 16:08:32</subfield>
    <subfield code="w">2026-04-10</subfield>
    <subfield code="y">RN</subfield>
  </datafield>
  <datafield tag="952" ind1=" " ind2=" ">
    <subfield code="0">0</subfield>
    <subfield code="1">0</subfield>
    <subfield code="4">0</subfield>
    <subfield code="7">0</subfield>
    <subfield code="a">BCEJYS</subfield>
    <subfield code="b">BCEJYS</subfield>
    <subfield code="c">17</subfield>
    <subfield code="d">1971-02-01</subfield>
    <subfield code="h">N&#xBA; 2 - feb. 1971</subfield>
    <subfield code="l">0</subfield>
    <subfield code="o">H311.3 INT 2.1971</subfield>
    <subfield code="p">R17446</subfield>
    <subfield code="r">2026-04-10 16:08:32</subfield>
    <subfield code="w">2026-04-10</subfield>
    <subfield code="y">RN</subfield>
  </datafield>
  <datafield tag="952" ind1=" " ind2=" ">
    <subfield code="0">0</subfield>
    <subfield code="1">0</subfield>
    <subfield code="4">0</subfield>
    <subfield code="7">0</subfield>
    <subfield code="a">BCEJYS</subfield>
    <subfield code="b">BCEJYS</subfield>
    <subfield code="c">17</subfield>
    <subfield code="d">1971-01-01</subfield>
    <subfield code="h">ene./dic. 1971</subfield>
    <subfield code="l">0</subfield>
    <subfield code="o">H311.3 INT 1971</subfield>
    <subfield code="p">R19905</subfield>
    <subfield code="r">2026-04-10 16:08:32</subfield>
    <subfield code="w">2026-04-10</subfield>
    <subfield code="y">RN</subfield>
  </datafield>
  <datafield tag="952" ind1=" " ind2=" ">
    <subfield code="0">0</subfield>
    <subfield code="1">0</subfield>
    <subfield code="4">0</subfield>
    <subfield code="7">0</subfield>
    <subfield code="a">BCEJYS</subfield>
    <subfield code="b">BCEJYS</subfield>
    <subfield code="c">17</subfield>
    <subfield code="d">1971-01-01</subfield>
    <subfield code="h">N&#xBA; 1 - ene. 1971</subfield>
    <subfield code="l">0</subfield>
    <subfield code="o">H311.3 INT 1.1971</subfield>
    <subfield code="p">R17445</subfield>
    <subfield code="r">2026-04-10 16:08:32</subfield>
    <subfield code="w">2026-04-10</subfield>
    <subfield code="y">RN</subfield>
  </datafield>
  <datafield tag="952" ind1=" " ind2=" ">
    <subfield code="0">0</subfield>
    <subfield code="1">0</subfield>
    <subfield code="4">0</subfield>
    <subfield code="7">0</subfield>
    <subfield code="a">BCEJYS</subfield>
    <subfield code="b">BCEJYS</subfield>
    <subfield code="c">17</subfield>
    <subfield code="d">1970-01-01</subfield>
    <subfield code="h">ene./dic. 1970</subfield>
    <subfield code="l">0</subfield>
    <subfield code="o">H311.3 INT 1970</subfield>
    <subfield code="p">R17444</subfield>
    <subfield code="r">2026-04-10 16:08:32</subfield>
    <subfield code="w">2026-04-10</subfield>
    <subfield code="y">RN</subfield>
  </datafield>
  <datafield tag="952" ind1=" " ind2=" ">
    <subfield code="0">0</subfield>
    <subfield code="1">0</subfield>
    <subfield code="4">0</subfield>
    <subfield code="7">0</subfield>
    <subfield code="a">BCEJYS</subfield>
    <subfield code="b">BCEJYS</subfield>
    <subfield code="c">17</subfield>
    <subfield code="d">1969-01-01</subfield>
    <subfield code="h">ene./dic. 1969</subfield>
    <subfield code="l">0</subfield>
    <subfield code="o">H311.3 INT 1969</subfield>
    <subfield code="p">R17443</subfield>
    <subfield code="r">2026-04-10 16:08:32</subfield>
    <subfield code="w">2026-04-10</subfield>
    <subfield code="y">RN</subfield>
  </datafield>
</record>
